LEADER 01008nam a2200205 i 4500 001 991002518139707536 008 070606s1982 it 000 0 ita d 035 $ab13539589-39ule_inst 040 $aDip.to Filologia Class. e Scienze Filosofiche$bita 111 2 $aIncontro di studiosi dell'antichità cristiana$n<10. ;$d1982 ;$cRoma>$0424333 245 02$aL'antico testamento nella chiesa prenicena:$bX Incontro di studiosi dell'antichità cristiana : [Roma, 7-9 maggio 1981] 260 $aRoma :$bInstitutum Patristicum Augustinianum,$c1982 300 $a383 p. ;$c23 cm 500 $aVol. 22, 1-2 (1982) del periodico: Augustinianum : Periodicum quadrimestre Studii Theologici 907 $a.b13539589$b02-04-14$c06-06-07 912 $a991002518139707536 945 $aLE007 221 ANT 01.01$g1$i2007000118689$lle007$op$pE0.00$q-$rl$s- $t0$u1$v9$w1$x0$y.i14480372$z06-06-07 996 $aAntico testamento nella chiesa prenicena$91222677 997 $aUNISALENTO 998 $ale007$b06-06-07$cm$da $e-$fita$git $h2$i0 LEADER 01938nam 2200337 450 001 9910147229503321 005 20230611111022.0 035 $a(CKB)1000000000035517 035 $a(NjHacI)991000000000035517 035 $a(EXLCZ)991000000000035517 100 $a20230611d2002 uy 0 101 0 $aeng 135 $aur||||||||||| 181 $ctxt$2rdacontent 182 $cc$2rdamedia 183 $acr$2rdacarrier 200 10$aAmerican National Standard for AC High-Voltage Circuit Breakers - Rated on a Symmetrical Current Basis - Preferred Ratings and Related Required Capabilities $eANSI C37.06-2000 /$fInstitute of Electrical and Electronics Engineers 210 1$aNew York :$cInstitute of Electrical and Electronics Engineers,$d2002. 215 $a1 online resource (36 pages) 311 $a0-7381-3595-X 330 $aThis standard is a revision of ANSI C37.06-1997. It reflects small editorial changes needed to coordinate with the final wording contained in the defining standards ANSI/IEEE C37.04-1999 and ANSI/IEEE C37.09-1999. Some ratings have also been updated. Because this revision is primarily editorial in nature, this Foreword describes the substantive and editorial changes between this revision and the 1987 version. The format of the tables remains very much the same, except that some ratings, which had been given in the notes (sometimes on a different page from the table of preferred ratings), have been listed explicitly in the tables. 517 $aANSI C37.06-2000 606 $aElectric circuit-breakers$xStandards 615 0$aElectric circuit-breakers$xStandards. 676 $a338.47621312 801 0$bNjHacI 801 1$bNjHacl 906 $aDOCUMENT 912 $a9910147229503321 996 $aAmerican National Standard for AC High-Voltage Circuit Breakers - Rated on a Symmetrical Current Basis - Preferred Ratings and Related Required Capabilities$93382497 997 $aUNINA LEADER 04725nam 2200625Ia 450 001 9910778353803321 005 20230721031839.0 010 $a1-282-26576-8 010 $a9786612265761 010 $a94-012-0452-7 010 $a1-4356-1293-0 024 7 $a10.1163/9789401204521 035 $a(CKB)1000000000480545 035 $a(EBL)556709 035 $a(OCoLC)182873959 035 $a(SSID)ssj0000100085 035 $a(PQKBManifestationID)11113518 035 $a(PQKBTitleCode)TC0000100085 035 $a(PQKBWorkID)10020555 035 $a(PQKB)10956530 035 $a(MiAaPQ)EBC556709 035 $a(OCoLC)182873959$z(OCoLC)666985586$z(OCoLC)712988596$z(OCoLC)728774282$z(OCoLC)764536112 035 $a(nllekb)BRILL9789401204521 035 $a(Au-PeEL)EBL556709 035 $a(CaPaEBR)ebr10380306 035 $a(CaONFJC)MIL226576 035 $a(EXLCZ)991000000000480545 100 $a20070622d2007 uy 0 101 0 $aeng 135 $aur|n|---||||| 181 $ctxt 182 $cc 183 $acr 200 00$a"After thirty falls"$b[electronic resource] $enew essays on John Berryman /$fedited by Philip Coleman, Philip McGowan ; with a preface by Richard J. Kelly 210 $aAmsterdam ;$aNew York, NY $cRodopi$d2007 215 $a1 online resource (xviii, 290 pages $cmusic) 225 1 $aDQR studies in literature ;$v38 300 $aDescription based upon print version of record. 311 $a90-420-2219-1 320 $aIncludes bibliographical references and index. 327 $tPreliminary material /$rEditors After thirty Falls --$tINTRODUCTION /$rPHILIP COLEMAN and PHILIP MCGOWAN --$tTHE BLACK BOOK: JOHN BERRYMAN?S HOLOCAUST REQUIEM /$rMATTHEW BOSWELL --$t?CONTINUITY WITH LOVERS DEAD?: BERRYMAN, LOWELL, AND THE TWENTIETH-CENTURY AMERICAN SONNET /$rALEX RUNCHMAN --$tTHE WRITTEN AND THE ORAL IN HOMAGE TO MISTRESS BRADSTREET /$rPAGE RICHARDS --$tHOW-TO-DO /$rRON CALLAN --$tFAILED VISION? /$rJUSTIN QUINN --$tBERRYMAN IN HIS SYCAMORE /$rEDWARD CLARKE --$tSHAKESPEARE AND BERRYMAN: SONNET 129 AND DREAM SONG 1 /$rKIT FRYATT --$tFORM AND DISCONTENT: THE PROSODY OF THE DREAM SONGS /$rPETER DENMAN --$t?DRAMATIZING THE DREADFUL?: AFFECTIVE POSTURES IN THE DREAM SONGS /$rANTHONY CALESHU --$tALLUSIONS, ETC.: BERRYMAN, CATULLUS, SAPPHO /$rMICHAEL HINDS --$t?HE LIVED LIKE A RAT?: THE TRICKSTER IN THE DREAM SONGS /$rSTEPHEN MATTERSON --$t?ONE GRAND EXCEPTION?: THE DREAM SONGS AS THEODICY? /$rBRENDAN COOPER --$tTHE LIFE OF BERRYMAN?S CHRIST /$rTOM ROGERS --$t?WE WRITE VERSE WITH OUR EARS?: BERRYMAN?SMUSIC /$rMARIA JOHNSTON --$tJOHN BERRYMAN AND SHAKESPEAREAN AUTOBIOGRAPHY /$rPETER MABER --$tLOVE and FAME AND THE SELF IN SOCIETY /$rPHILIP COLEMAN --$tJOHN BERRYMAN AND THE WRITING OF SILENCE /$rPHILIP MCGOWAN --$tSNOW LINE /$rLAVINIA GREENLAW --$tTHE GEOGRAPHY PAPER /$rBRENDAN KENNELLY --$tTRANSIT /$rMAURA DOOLEY --$tIN SICKNESS: THREE POEMS AFTER JOHN BERRYMAN /$rHARRY CLIFTON --$tNOTES ON CONTRIBUTORS /$rEditors After thirty Falls --$tINDEX /$rEditors After thirty Falls. 330 $aPrefaced by an account of the early days of Berryman studies by bibliographer and scholar Richard J. Kelly, ? After thirty Falls ? is the first collection of essays to be published on the American poet John Berryman (1914-1972) in over a decade. The book seeks to provoke new interest in this important figure with a group of original essays and appraisals by scholars from Ireland, the United Kingdom, Hong Kong, and the United States. Exploring such areas as the poet?s engagements with Shakespeare and the American sonnet tradition, his use of the Trickster figure and the idea of performance in his poetics, it expands the interpretive framework by which Berryman may be evaluated and studied, and it will be of interest to students of modern American poetry at all levels. What makes the collection particularly valuable is its inclusion of previously unpublished material ? including a translation of a poem by Catullus and excerpts from the poet?s detailed notes on the life of Christ ? thereby providing new contexts for future assessments of Berryman?s contribution to the development of poetry, poetics, and the relationship between scholarship and other forms of writing in the twentieth century. 410 0$aDQR studies in literature ;$v38. 606 $aPoets, American 615 0$aPoets, American. 676 $a811.54 701 $aColeman$b Philip$01565129 701 $aMcGowan$b Philip$f1969-$01565130 801 0$bMiAaPQ 801 1$bMiAaPQ 801 2$bMiAaPQ 906 $aBOOK 912 $a9910778353803321 996 $a"After thirty falls"$93834522 997 $aUNINA